|
|
|
|
| LEADER |
00000nab a2200000 ar4500 |
| 001 |
vtls010081836 |
| 003 |
SK-MaSNL |
| 005 |
20260303093747.0 |
| 008 |
100401c1973 xo |r|p|||||||000 b|slo |
| 015 |
|
|
|a SNBRB1973
|
| 038 |
|
|
|a SNKBUCL
|
| 040 |
|
|
|a SNKBUCL
|b slo
|c SNKBUCL
|e AACR2
|
| 041 |
|
|
|a slo
|
| 044 |
|
|
|a xo
|c SK
|
| 080 |
|
|
|a 75.071.1:061.4
|2 2001
|
| 080 |
|
|
|a 929 Hučko, Karol
|2 2001
|
| 100 |
1 |
|
|a Vašina, Ctibor
|4 aut
|9 272378
|
| 245 |
1 |
0 |
|a Umenie pre ľud
|b výstava obrazov akad. maliara Karola Hučku v Nitre
|c Ctibor Vašina
|
| 600 |
1 |
7 |
|a Hučko, Karol,
|d 1929-2003
|2 snkbucl
|9 38652
|
| 648 |
|
7 |
|a 1973
|2 snkbucl
|9 282428
|
| 650 |
0 |
7 |
|a výstavy
|2 SNKPH
|9 2780
|
| 651 |
|
7 |
|a Nitra (Slovensko)
|2 snkbucl
|9 15714
|
| 773 |
0 |
|
|t Matičné čítanie
|g Roč. 6, č. 13 (1973), s. 2
|
| 852 |
|
|
|a SNK
|b KIS3GCP
|
| 958 |
|
|
|a BX
|
| 999 |
|
|
|c 1817015
|d 1818945
|